Statistics for Crime: bribery

Click here to take the quiz!

General Stats

  • This quiz has been taken 6 times
  • The average score is 18 of 22

Answer Stats

HintCountry% Correct
Passive bribery 2.Belarus
100%
Active bribery 3.Belarus
100%
Active bribery 2.Lithuania
100%
Passive bribery 6.Lithuania
100%
Active bribery 5.Moldova
100%
Passive bribery 4.Moldova
100%
Active bribery 1.Romania
100%
Passive bribery 1.Romania
100%
Active bribery 11.Serbia, Latvia and Croatia
100%
Active bribery 6.Slovakia
100%
Passive bribery 8.Slovakia
100%
Active bribery 9.Ukraine
100%
Passive bribery 3.Ukraine
100%
Passive bribery 5.Estonia
80%
Active bribery 4.Estonia
80%
Passive bribery 9.Georgia
80%
Passive bribery 11.Germany
80%
Active bribery 10.Montenegro
80%
Passive bribery 6.Serbia
60%
Active bribery 8.Jordan
0%
Active bribery 7.Kyrgyzstan
0%
Passive bribery 10.Kyrgyzstan
0%

Score Distribution

Percentile by Number Answered

Percent of People with Each Score

Your Score History

You have not taken this quiz